000 00482nam a2200169 i 4500
001 68015
003 ES-MaACL
005 20230906170204.0
007 t|
008 040217s1964 sp ||||1| spa d
100 1 _aGandía Gomar, Vicente.
_953840
245 1 0 _aProblemas de mecánica y termología /
_cpor Vicente Gandía Gomar.
250 _a[2ª ed.].
260 _aSevilla :
_b[s.n.,
_c1964]
300 _aIV, 340 p. :
_bil. ;
_c22 cm.
852 _aES-MaACL
_jC-25911
_bR.54397
999 _c68015
_d68015